Burzám pribudne budúci rok konkurencia

Slovenský kapitálový trh zmení od r. 2003 svoju tvár. Prestane platiť obmedzenie, podľa ktorého sa museli všetky verejne obchodovateľné cenné papiere obchodovať len prostredníctvom búrz. Investori už budú môcť využívať aj tzv. trh OTC (over the counter) a prevádzať medzi sebou akcie či dlhopisy aj c...

Descrizione completa

Salvato in:
Dettagli Bibliografici
Autore principale: Kyselý, Ľubor
Natura: Capitolo di libro
Lingua:slovacco
Soggetti:
Tags: Aggiungi Tag
Nessun Tag, puoi essere il primo ad aggiungerne!!

MARC

LEADER 00000naa a2200000 4500
001 r046782
005 20230921113645.8
041 0 |a slo 
044 |a SK 
245 1 0 |a Burzám pribudne budúci rok konkurencia  |c Ľubor Kyselý 
520 |a Slovenský kapitálový trh zmení od r. 2003 svoju tvár. Prestane platiť obmedzenie, podľa ktorého sa museli všetky verejne obchodovateľné cenné papiere obchodovať len prostredníctvom búrz. Investori už budú môcť využívať aj tzv. trh OTC (over the counter) a prevádzať medzi sebou akcie či dlhopisy aj cez priečinky centrálneho depozitára. Slovenská burza cenných papierov je na zmeny pripravená. 
610 2 0 |a trh kapitálový 
610 2 0 |a burzy 
610 2 0 |a papiere cenné 
610 2 0 |a akcie 
610 2 0 |a dlhopisy 
610 2 0 |a konkurencia 
610 2 0 |a depozity bankové 
610 2 0 |a Slovensko 
610 2 0 |a OTC 
100 1 |a Kyselý, Ľubor